Welfare Economics of the Second Best

Enregistré dans:
Détails bibliographiques
Autres auteurs: Bös, Dieter, Seidl, Christian
Format: Livre
Langue:anglais
Publié: Wien Springer 1986
Édition:1. ed.
Tags: Ajouter un tag
Pas de tags, Soyez le premier à ajouter un tag!

MARC

LEADER 00000nam a2200000 4500
001 c035253
005 20221220074324.0
041 0 |a eng 
044 |a AT 
245 1 0 |a Welfare Economics of the Second Best  |c Edit. Dieter Bös, Christian Seidl 
250 |a 1. ed. 
264 1 |a Wien  |b Springer  |c 1986 
300 |a 280 s. 
700 1 |a Bös, Dieter 
700 1 |a Seidl, Christian